[Event "ICS rated blitz match"]
[Site "204.178.125.65"]
[Date "1999.11.14"]
[Round "?"]
[White "Kengtin"]
[Black "Hossa"]
[Result "0-1"]
[WhiteElo "2122"]
[BlackElo "2341"]
[PlyCount "84"]
[EventDate "1999.??.??"]

1. d4 Nf6 2. Nf3 e6 3. Bg5 h6 4. Bxf6 Qxf6 5. e4 d6 6. Nbd2 e5 7. d5 Be7 8. c4
O-O 9. Bd3 Qg6 10. Qe2 Qxg2 11. Rg1 Qh3 12. O-O-O c6 13. Rg3 Qh5 14. Rdg1 Bf6
15. Kb1 Bd7 16. Nf1 cxd5 17. cxd5 Rc8 18. Ne3 a5 19. Ng4 Bxg4 20. Rxg4 g6 21.
Qf1 Kh8 22. R4g3 g5 23. Qg2 Rg8 24. h4 g4 25. Nh2 Bxh4 26. Rxg4 Rxg4 27. Nxg4
Nd7 28. Ne3 Qg5 29. Nf5 Qxg2 30. Rxg2 Nc5 31. Bc2 Bg5 32. Nxd6 Kg7 33. Nc4 Kf6
34. a3 b5 35. Nd6 b4 36. axb4 axb4 37. b3 Bd2 38. Bd1 Bc3 39. Nb5 Ra1+ 40. Kc2
Ra2+ 41. Kb1 Rb2+ 42. Kc1 42... Nd3# {Kengtin checkmated} 0-1

[Event "ICS rated blitz match"]
[Site "204.178.125.65"]
[Date "1999.11.14"]
[Round "?"]
[White "Hossa"]
[Black "Kengtin"]
[Result "1-0"]
[WhiteElo "2348"]
[BlackElo "2115"]
[PlyCount "93"]
[EventDate "1999.??.??"]

1. d4 Nf6 2. c4 c5 3. d5 e6 4. Nc3 exd5 5. cxd5 d6 6. g3 Be7 7. e4 O-O 8. Nf3
Bg4 9. Be2 Nbd7 10. Be3 Re8 11. h3 Bxf3 12. Bxf3 a6 13. O-O b5 14. Bg2 Bf8 15.
f3 g6 16. Qd2 Bg7 17. Bh6 Bh8 18. Qf4 Qb6 19. Rf2 Ne5 20. Qe3 Nc4 21. Qc1 Nd7
22. Rc2 Nde5 23. Qf1 Qa5 24. a4 b4 25. Nd1 Nb6 26. Ne3 b3 27. Rf2 c4 28. h4 Qc5
29. a5 Nbd7 30. Rc1 Qxa5 31. f4 c3 32. fxe5 cxb2 33. Rb1 Nxe5 34. Rfxb2 Qc5 35.
Rxb3 a5 36. Qf2 a4 37. Rb7 f6 38. h5 a3 39. hxg6 hxg6 40. Qe2 a2 41. Ra1 g5 42.
Kf1 Qc3 43. Rb2 Nf7 44. Nf5 Reb8 45. Ne7+ Kh7 46. Qh5 Nxh6 47. Qg6# {
Kengtin checkmated} 1-0

[Event "ICS rated blitz match"]
[Site "204.178.125.65"]
[Date "1999.11.14"]
[Round "?"]
[White "Kengtin"]
[Black "Hossa"]
[Result "1-0"]
[WhiteElo "2107"]
[BlackElo "2355"]
[PlyCount "133"]
[EventDate "1999.??.??"]

1. d4 Nf6 2. Nf3 e6 3. Bg5 h6 4. Bxf6 Qxf6 5. e4 d6 6. Nbd2 e5 7. d5 Be7 8. Bd3
O-O 9. Qe2 c6 10. c4 Qg6 11. O-O-O cxd5 12. cxd5 Qxg2 13. Rhg1 Qh3 14. Rg3 Qd7
15. Kb1 Qd8 16. Rdg1 Bf6 17. h4 Nd7 18. Nh2 Nc5 19. Bc2 Kh8 20. Ng4 Bxh4 21.
Rh3 Bg5 22. Nf3 Bf4 23. Rhh1 Bd7 24. Ne3 Rc8 25. Nh4 Qb6 26. Nhf5 Bxe3 27. Nxe3
Ba4 28. Nf5 Bxc2+ 29. Qxc2 Qd8 30. Nxg7 Qf6 31. Nf5 Rg8 32. b4 Rxg1+ 33. Rxg1
a6 34. bxc5 Rxc5 35. Qd2 Rb5+ 36. Ka1 Rb6 37. Rh1 Kg8 38. Rxh6 Qg6 39. Rh1 Qf6
40. Qh6 Qxh6 41. Rxh6 Rb4 42. f3 Rc4 43. Rxd6 Rc1+ 44. Kb2 Rf1 45. Rd7 Rf2+ 46.
Kb1 Rf1+ 47. Kc2 Rf2+ 48. Kd1 Rxa2 49. Rxb7 f6 50. d6 Ra1+ 51. Kc2 Ra2+ 52. Kc3
Ra3+ 53. Kc4 Ra4+ 54. Kd5 Ra3 55. Ke6 Rxf3 56. Kxf6 Rf2 57. Kxe5 Kf8 58. Ke6
Kg8 59. e5 a5 60. d7 Rd2 61. Rb8+ Kh7 62. d8=Q Rxd8 63. Rxd8 Kg6 64. Rg8+ Kh7
65. Rg4 Kh8 66. Kf7 a4 67. Rh4# {Hossa checkmated} 1-0

[Event "ICS rated blitz match"]
[Site "204.178.125.65"]
[Date "1999.11.14"]
[Round "?"]
[White "Hossa"]
[Black "izirom"]
[Result "1-0"]
[WhiteElo "2329"]
[BlackElo "2068"]
[PlyCount "89"]
[EventDate "1999.??.??"]

1. d4 Nf6 2. Nf3 c5 3. e3 d5 4. dxc5 Nc6 5. a3 a5 6. Bb5 e6 7. Ne5 Bd7 8. Nxd7
Qxd7 9. Qd4 Qe7 10. b4 axb4 11. axb4 Rxa1 12. Qxa1 Qd8 13. Qa4 Qc8 14. O-O Be7
15. c4 O-O 16. Nd2 Rd8 17. Bb2 Ne4 18. Nxe4 dxe4 19. f3 exf3 20. Rxf3 Rd2 21.
Bc3 Rd3 22. Qa1 Bf8 23. Rg3 g6 24. Qe1 Qd8 25. Ba4 Ne7 26. Bf6 Bg7 27. Bxg7
Kxg7 28. Rf3 Nf5 29. Bc2 Rd2 30. Rf2 Rxf2 31. Qxf2 Qf6 32. g4 Qa1+ 33. Kg2 Ne7
34. Qd2 e5 35. Be4 Qa7 36. Qd6 Nc6 37. Bxc6 bxc6 38. b5 Qa2+ 39. Kg3 Qxc4 40.
Qxe5+ Kg8 41. bxc6 Qf1 42. Qb8+ Kg7 43. Qf4 Qe1+ 44. Kh3 Qc3 45. Qd4+ {
izirom resigns} 1-0

[Event "ICS rated blitz match"]
[Site "204.178.125.65"]
[Date "1999.11.14"]
[Round "?"]
[White "izirom"]
[Black "Hossa"]
[Result "1/2-1/2"]
[WhiteElo "2062"]
[BlackElo "2335"]
[PlyCount "112"]
[EventDate "1999.??.??"]

1. e4 c5 2. Nf3 d6 3. d4 cxd4 4. Nxd4 e5 5. Nf5 Bxf5 6. exf5 d5 7. c4 d4 8. Bd3
Nf6 9. Bg5 Bb4+ 10. Nd2 Na6 11. O-O Nc5 12. Ne4 Nxd3 13. Qxd3 Qb6 14. Bxf6 gxf6
15. a3 Be7 16. b4 Qa6 17. b5 Qb6 18. a4 Qc7 19. f4 O-O-O 20. fxe5 fxe5 21. f6
Bb4 22. a5 Rhg8 23. c5 Kb8 24. Rfc1 Rg4 25. b6 Qc6 26. bxa7+ Kxa7 27. Ng3 e4
28. Qb3 Bd2 29. Rcb1 Be3+ 30. Kh1 Ka8 31. a6 b5 32. cxb6 Rb8 33. b7+ Ka7 34.
Nf5 Qc5 35. Nxe3 dxe3 36. Rc1 Qd4 37. Rd1 Qc5 38. Rac1 Qb6 39. Qxf7 Qb2 40. Rg1
Rxg2 41. Qc7 Rxg1+ 42. Rxg1 Qb6 43. Qc3 Rf8 44. Rc1 e2 45. b8=Q+ Rxb8 46. f7
Rf8 47. Qc4 Qd6 48. Re1 Qe5 49. Rxe2 Qa1+ 50. Kg2 Qg7+ 51. Kh1 Qa1+ 52. Kg2
Qg7+ 53. Kh1 Qa1+ 54. Kg2 Qg7+ 55. Kh1 Qa1+ 56. Kg2 56... Qg7+ {
Game drawn by repetition} 1/2-1/2

[Event "ICS rated blitz match"]
[Site "204.178.125.65"]
[Date "1999.11.14"]
[Round "?"]
[White "joejan"]
[Black "Hossa"]
[Result "0-1"]
[WhiteElo "2168"]
[BlackElo "2275"]
[PlyCount "46"]
[EventDate "1999.??.??"]

1. e4 e5 2. d4 exd4 3. Qxd4 Nc6 4. Qe3 Bb4+ 5. Nc3 Nf6 6. Bd2 O-O 7. O-O-O Re8
8. f3 d5 9. Qf2 dxe4 10. Bg5 e3 11. Qh4 Bd7 12. Nd5 Bd2+ 13. Kb1 e2 14. Nxe2
Bxg5 15. Qxg5 Nxd5 16. Qxd5 Be6 17. Qxd8 Raxd8 18. Rc1 Rd2 19. Ng3 f5 20. f4
Rf2 21. Bd3 g6 22. Rhe1 Rxg2 23. Re3 23... Bxa2+ {joejan resigns} 0-1

[Event "ICS Rated standard match"]
[Site "204.178.125.65"]
[Date "1999.11.14"]
[Round "?"]
[White "netpi"]
[Black "Hossa"]
[Result "1-0"]
[WhiteElo "2460"]
[BlackElo "2267"]
[PlyCount "143"]
[EventDate "1999.??.??"]

1. e4 e5 2. Nf3 Nc6 3. Bb5 a6 4. Ba4 Nf6 5. O-O Be7 6. d4 exd4 7. e5 Ne4 8.
Nxd4 Nxd4 9. Qxd4 Nc5 10. Nc3 O-O 11. Rd1 d6 12. Be3 Nxa4 13. Qxa4 b5 14. Qe4
Bd7 15. Bf4 Re8 16. Qf3 Qc8 17. h3 dxe5 18. Bxe5 Bf5 19. Nd5 Bd8 20. Re1 c5 21.
Bd6 Be6 22. Rad1 c4 23. Qg3 Kh8 24. Nf4 Ba5 25. Nh5 Rg8 26. c3 Bd8 27. Nf4 Bf5
28. Qf3 Ra7 29. Nd5 Bg6 30. Nb4 Rd7 31. a4 Bf6 32. axb5 axb5 33. Qd5 Qd8 34.
Qc5 Bh4 35. Nc6 Qf6 36. g3 Bg5 37. Rd4 Qf5 38. Ne5 Rb7 39. g4 Qf6 40. Qc6 Ra7
41. Nxg6+ fxg6 42. Re8 Qf7 43. Rxg8+ Qxg8 44. Qxb5 Ra1+ 45. Kg2 Bc1 46. Ba3 h6
47. Qxc4 Qe8 48. Re4 Qa8 49. f3 Kh7 50. Qf7 Qg8 51. Qxg8+ Kxg8 52. Re1 g5 53.
Kf2 Kf7 54. Ke2 Kf6 55. c4 Kg6 56. c5 Rxa3 57. bxa3 Bf4 58. a4 Bc7 59. Rb1 Kf6
60. Rb5 Ke6 61. a5 Bxa5 62. Rxa5 Kd5 63. Kd3 Kc6 64. Kc4 Kc7 65. Ra7+ Kc8 66.
Rxg7 Kd8 67. c6 Kc8 68. Kb5 h5 69. Kb6 Kd8 70. c7+ Kc8 71. Kc6 hxg4 72. Rg8# {
Hossa checkmated} 1-0

[Event "ICS unrated standard match"]
[Site "204.178.125.65"]
[Date "1999.11.14"]
[Round "?"]
[White "Hossa"]
[Black "Secret"]
[Result "0-1"]
[WhiteElo "2256"]
[BlackElo "2572"]
[PlyCount "78"]
[EventDate "1999.??.??"]

1. d4 d5 2. c4 dxc4 3. e4 Nc6 4. Nf3 Bg4 5. Bxc4 e6 6. Bb5 Bb4+ 7. Nc3 Qd6 8.
O-O Nge7 9. a3 Ba5 10. Bg5 f6 11. Be3 O-O-O 12. Qb3 Bxf3 13. gxf3 a6 14. Bxc6
Nxc6 15. Rfd1 f5 16. Na4 f4 17. Nc5 Bb6 18. e5 Qd5 19. Qxd5 Rxd5 20. Bxf4 Nxd4
21. Rxd4 Rxd4 22. Nxe6 Rd7 23. Re1 Re8 24. Ng5 h6 25. Ne4 Bd4 26. Nd2 g5 27.
Bg3 Bxb2 28. Nc4 Bc3 29. Re3 Rd1+ 30. Kg2 Rc1 31. Re4 b5 32. Ne3 Re6 33. f4
gxf4 34. Rxf4 Ra1 35. Rf8+ Kb7 36. f4 Rxa3 37. Nd5 Rc6 38. Nxc3 Rcxc3 39. Rh8
39... b4 {Hossa resigns} 0-1

[Event "ICS rated blitz match"]
[Site "204.178.125.65"]
[Date "1999.11.14"]
[Round "?"]
[White "Hossa"]
[Black "Beadle"]
[Result "0-1"]
[WhiteElo "2278"]
[BlackElo "2472"]
[PlyCount "154"]
[EventDate "1999.??.??"]

1. d4 d5 2. Nf3 Nf6 3. Bf4 Bf5 4. e3 e6 5. Bd3 Bd6 6. Bxd6 Qxd6 7. Bxf5 exf5 8.
O-O Nc6 9. Nbd2 O-O 10. c4 Rfe8 11. Qb3 Rab8 12. Rad1 Re6 13. Rc1 Rd8 14. cxd5
Nxd5 15. Qd3 g6 16. Nc4 Qe7 17. a3 f6 18. Qb3 b6 19. Qa4 Qd7 20. Ncd2 Kh8 21.
Qa6 Rde8 22. b4 Rg8 23. b5 Nce7 24. Rc2 Qe8 25. Rc4 g5 26. a4 Qa8 27. Rfc1 Qb8
28. Nb3 Re4 29. Rd1 Nc8 30. Nfd2 Nd6 31. Rdc1 Re7 32. Nf3 c5 33. Na5 Nc7 34.
Nc6 Nxa6 35. Nxb8 Nxb8 36. R4c2 Nd7 37. Rd1 Ne4 38. d5 Ne5 39. Ne1 Nd6 40. h3
Rc8 41. Kh2 Kg7 42. Rdc1 c4 43. Rd1 h6 44. Rc3 Ne4 45. Rc2 Rc5 46. f3 Nd6 47.
Rc3 Rc8 48. Kg3 a6 49. bxa6 Ra8 50. h4 Rxa6 51. Rb1 Nd3 52. Nxd3 Rxe3 53. Kf2
Rxd3 54. Rxd3 cxd3 55. hxg5 fxg5 56. Rb4 Kf6 57. Ke3 Ra5 58. Kxd3 Rxd5+ 59. Kc3
Rc5+ 60. Kd4 Ke6 61. g4 Rc6 62. Kd3 Nf7 63. Ke3 Ne5 64. Ke2 Rd6 65. Ke3 Kf6 66.
gxf5 Kxf5 67. f4 Rd3+ 68. Ke2 gxf4 69. Rxb6 Ra3 70. Ra6 f3+ 71. Kf1 Ng4 72.
Ra5+ Ke4 73. Ke1 Ke3 74. Kd1 Rc3 75. Rc5 Nf2+ 76. Ke1 Rxc5 77. a5 77... Rc1# {
Hossa checkmated} 0-1

[Event "ICS rated standard match"]
[Site "204.178.125.65"]
[Date "1999.11.14"]
[Round "?"]
[White "wboy"]
[Black "Hossa"]
[Result "0-1"]
[WhiteElo "2185"]
[BlackElo "2256"]
[PlyCount "106"]
[EventDate "1999.??.??"]

1. e4 c5 2. Nf3 d6 3. d4 cxd4 4. Nxd4 Nf6 5. Nc3 g6 6. Be3 Bg7 7. f3 O-O 8. Bc4
Nc6 9. Qd2 Nxd4 10. Bxd4 e5 11. Be3 Be6 12. Bd5 Nxd5 13. Nxd5 Qh4+ 14. g3 Qh5
15. O-O a5 16. Nc7 Rac8 17. Nxe6 fxe6 18. Qe2 d5 19. exd5 exd5 20. Rae1 Qh3 21.
c3 d4 22. cxd4 exd4 23. Bf4 Rf7 24. Qe6 Qxe6 25. Rxe6 Rd7 26. Rd1 Rc2 27. Rd2
Rc1+ 28. Kf2 Kf7 29. Re1 Rxe1 30. Kxe1 Bf6 31. g4 b5 32. Ke2 Ke6 33. Kd3 Kd5
34. Rc2 Rf7 35. Bg3 Be5 36. Rf2 g5 37. b3 Rf8 38. Rf1 Bxg3 39. hxg3 Re8 40. Kd2
Re3 41. Rf2 Rc3 42. Ke2 a4 43. bxa4 bxa4 44. Kf1 Kc4 45. Kg2 d3 46. f4 Rc2 47.
f5 d2 48. f6 d1=Q 49. f7 Rc1 50. Kh3 Qh1+ 51. Rh2 Qf1+ 52. Rg2 Rc2 53. f8=Q
53... Qxg2# {wboy checkmated} 0-1

[Event "ICS rated standard match"]
[Site "204.178.125.65"]
[Date "1999.11.15"]
[Round "?"]
[White "Hossa"]
[Black "Karpi"]
[Result "1-0"]
[WhiteElo "2269"]
[BlackElo "2200"]
[PlyCount "177"]
[EventDate "1999.??.??"]

1. d4 Nf6 2. c4 c5 3. d5 e6 4. Nc3 exd5 5. cxd5 d6 6. g3 g6 7. e4 Bg7 8. Bg2
O-O 9. Nge2 Re8 10. f3 a6 11. O-O b5 12. a3 c4 13. Bf4 Qc7 14. Qd2 Nbd7 15. Bh6
Nc5 16. Bxg7 Kxg7 17. Rad1 Nd3 18. Nc1 Nxc1 19. Rxc1 Bd7 20. Rf2 a5 21. Ne2
Rab8 22. Rc2 b4 23. axb4 axb4 24. Nd4 Rec8 25. Qg5 h6 26. Qf4 c3 27. Ne2 cxb2
28. Rxb2 b3 29. Qd2 Qc4 30. Qe3 Rb4 31. Bf1 Ba4 32. Bh3 Rc7 33. Qf4 Qc5 34. Qd2
Rc4 35. Bf1 Rc2 36. Rxc2 bxc2 37. Nc1 Rb7 38. Bh3 Rb1 39. Kg2 Bb5 40. Qe1 Qc4
41. Qd2 Ba4 42. Kg1 Qc5 43. Kg2 Qa3 44. Rf1 Qa1 45. Kg1 Qe5 46. Bg2 g5 47. Re1
Qb2 48. f4 Qb6+ 49. Kh1 Ng4 50. h3 Nf2+ 51. Kh2 g4 52. e5 gxh3 53. Bxh3 Nxh3
54. Kxh3 dxe5 55. fxe5 Bd7+ 56. Kg2 Bf5 57. d6 Qc6+ 58. Kg1 Qf3 59. Qf4 Qxf4
60. gxf4 Kf8 61. Kf2 Ke8 62. Rg1 Kd7 63. Kg3 Ke6 64. Kh4 Bg6 65. Kg4 Be4 66.
Re1 h5+ 67. Kxh5 Bf3+ 68. Kg5 Bd1 69. f5+ Kd7 70. e6+ fxe6 71. fxe6+ Kxd6 72.
e7 Rb5+ 73. Kf6 Bh5 74. e8=N+ Kd7 75. Re7+ Kd8 76. Ng7 Rb1 77. Ne6+ Kc8 78.
Rc7+ Kb8 79. Rxc2 Bg4 80. Nc5 Kc7 81. N1d3 Rf1+ 82. Ke7 Kb6 83. Ne5 Re1 84. Kf6
Rf1+ 85. Kg5 Bd1 86. Ncd7+ Kb5 87. Rb2+ Ka4 88. Nc5+ Ka3 89. Nc4# {
Karpi checkmated} 1-0

[Event "ICS rated blitz match"]
[Site "204.178.125.65"]
[Date "1999.11.15"]
[Round "?"]
[White "Hossa"]
[Black "heatstroke"]
[Result "0-1"]
[WhiteElo "2276"]
[BlackElo "2818"]
[PlyCount "136"]
[EventDate "1999.??.??"]

1. d4 e6 2. c4 Nf6 3. Nc3 Bb4 4. a3 Bxc3+ 5. bxc3 d6 6. Bg5 h6 7. Bxf6 Qxf6 8.
Nf3 O-O 9. e3 c5 10. Be2 b6 11. O-O Bb7 12. Rb1 Nd7 13. Qa4 Rfd8 14. Nd2 Qg6
15. Bf3 Bxf3 16. Nxf3 Nf6 17. Qb3 Qe4 18. Rfe1 Rac8 19. Qa4 Rc7 20. Rbc1 Re7
21. Qb5 Qf5 22. Re2 Kh8 23. a4 Ne4 24. Nd2 Nxd2 25. Rxd2 Rc8 26. Qa6 Rec7 27.
d5 Rd8 28. a5 bxa5 29. Qxa5 Rcd7 30. Qb5 Qe5 31. Qb1 a5 32. Qb5 Ra7 33. Qb6
Rda8 34. Rcc2 a4 35. Kh1 Ra6 36. Qb7 a3 37. Rd1 a2 38. Ra1 Qe4 39. Rd2 Qxc4 40.
Qxf7 Qxc3 41. Rdd1 Qxa1 42. Rxa1 Rb6 43. Qg6 Rab8 44. h3 Rb1+ 45. Kh2 Rxa1 46.
dxe6 Rd1 47. e7 a1=Q 48. e8=Q+ Rxe8 49. Qxe8+ Kh7 50. Qe4+ g6 51. Qb7+ Qg7 52.
Qf3 Rd2 53. h4 Qe5+ 54. Kg1 Kg7 55. g4 d5 56. Kg2 c4 57. h5 c3 58. hxg6 Qf6 59.
Qf5 Qxf5 60. gxf5 c2 61. e4 dxe4 62. Kg3 c1=Q 63. Kg2 e3 64. Kf3 exf2 65. f6+
Kxg6 66. f7 f1=Q+ 67. Kg3 Qce1+ 68. Kg4 68... Qf5# {Hossa checkmated} 0-1

[Event "ICS Rated standard match"]
[Site "204.178.125.65"]
[Date "1999.11.15"]
[Round "?"]
[White "Hossa"]
[Black "expert101"]
[Result "1-0"]
[WhiteElo "2279"]
[BlackElo "2108"]
[PlyCount "65"]
[EventDate "1999.??.??"]

1. d4 d5 2. c4 c6 3. Nc3 Nf6 4. Nf3 dxc4 5. a4 Bf5 6. e3 e6 7. Bxc4 Bb4 8. Bd2
O-O 9. Ne4 Nxe4 10. Bxb4 Re8 11. Ne5 Nd7 12. Nxd7 Qxd7 13. f3 Nf6 14. e4 Bg6
15. Bc3 Qc7 16. b4 Rad8 17. Qb3 Qf4 18. O-O h5 19. Qb2 h4 20. Rae1 Nh5 21. b5
Qg5 22. bxc6 bxc6 23. Qf2 Ng3 24. f4 Qg4 25. hxg3 hxg3 26. Qe3 Qh4 27. Rf3 Qh2+
28. Kf1 Qh1+ 29. Qg1 Qh4 30. Ree3 Bh5 31. Rxg3 Qxf4+ 32. Qf2 Qc7 33. Qf6 {
expert101 resigns} 1-0

[Event "ICS Rated standard match"]
[Site "204.178.125.65"]
[Date "1999.11.15"]
[Round "?"]
[White "netpi"]
[Black "Hossa"]
[Result "1-0"]
[WhiteElo "2469"]
[BlackElo "2288"]
[PlyCount "95"]
[EventDate "1999.??.??"]

1. e4 e5 2. Nf3 d6 3. Bc4 Be7 4. d4 exd4 5. Nxd4 Nf6 6. Nc3 O-O 7. O-O Nc6 8.
Nxc6 bxc6 9. Qe2 Re8 10. Be3 d5 11. Rad1 Be6 12. exd5 cxd5 13. Nxd5 Nxd5 14.
Bxd5 Bxd5 15. c4 Bxc4 16. Qxc4 Bd6 17. Rfe1 Qe7 18. Bd2 Qf6 19. Bc3 Qh6 20. g3
Qh3 21. Rxe8+ Rxe8 22. Qd4 Bf8 23. Qxa7 c5 24. Qd7 Re6 25. a4 Qh5 26. a5 Rh6
27. h3 Re6 28. Kg2 Qg5 29. Qc8 Qe7 30. a6 Re4 31. Rd8 Ra4 32. Re8 Qxe8 33. Qxe8
Rxa6 34. b4 Re6 35. Qa8 f6 36. bxc5 Kf7 37. c6 Bd6 38. Bb4 Be5 39. Qb7+ Kg6 40.
Bf8 f5 41. Qd7 Re7 42. Qxe7 Ba1 43. c7 h6 44. c8=Q Kh7 45. Bxg7 Bxg7 46. Qxf5+
Kg8 47. Qff7+ Kh7 48. Qxg7# {Hossa checkmated} 1-0

[Event "ICS rated standard match"]
[Site "204.178.125.65"]
[Date "1999.11.15"]
[Round "?"]
[White "Hossa"]
[Black "escadra"]
[Result "1-0"]
[WhiteElo "2280"]
[BlackElo "2075"]
[PlyCount "41"]
[EventDate "1999.??.??"]

1. e4 e5 2. Nf3 Nc6 3. Bb5 a6 4. Ba4 Nf6 5. O-O Be7 6. d4 b5 7. dxe5 Nxe4 8.
Bb3 O-O 9. Bd5 Nc5 10. Nc3 Bb7 11. Be3 Ne6 12. Ne4 Na5 13. a4 b4 14. Bxb7 Nxb7
15. Qd5 c6 16. Qb3 Qc7 17. Rae1 a5 18. Qd3 Nbc5 19. Bxc5 Bxc5 20. Nfg5 Nf4 21.
Nf6+ {escadra resigns} 1-0

[Event "ICS rated blitz match"]
[Site "204.178.125.65"]
[Date "1999.11.15"]
[Round "?"]
[White "Irishspringer"]
[Black "Hossa"]
[Result "0-1"]
[WhiteElo "2061"]
[BlackElo "2287"]
[PlyCount "68"]
[EventDate "1999.??.??"]

1. d4 Nf6 2. c4 e6 3. Nf3 d5 4. Nc3 Be7 5. Bg5 O-O 6. e3 h6 7. Bxf6 Bxf6 8.
cxd5 exd5 9. b4 Bg4 10. Be2 Re8 11. O-O c6 12. b5 c5 13. h3 Bf5 14. Qb3 c4 15.
Qb4 Be6 16. Rfd1 Be7 17. Qb2 Nd7 18. e4 dxe4 19. Nxe4 Rc8 20. Rac1 Bf8 21. d5
Bxd5 22. Rxd5 Rxe4 23. Qd2 Qe8 24. Bxc4 Nb6 25. Bb3 Nxd5 26. Rxc8 Qxc8 27. Qxd5
Qc1+ 28. Kh2 Qf4+ 29. Kg1 Re7 30. a4 Qc1+ 31. Kh2 Qb1 32. g3 Qf1 33. Qd4 Re2
34. Bc4 34... Rxf2+ {Irishspringer resigns} 0-1

[Event "ICS rated blitz match"]
[Site "204.178.125.65"]
[Date "1999.11.15"]
[Round "?"]
[White "BugChess"]
[Black "Hossa"]
[Result "1/2-1/2"]
[WhiteElo "2495"]
[BlackElo "2294"]
[PlyCount "151"]
[EventDate "1999.??.??"]

1. e4 c5 2. Nf3 d6 3. d4 cxd4 4. Nxd4 Nf6 5. Nc3 g6 6. Be3 Bg7 7. f3 O-O 8. Bc4
Nc6 9. Bb3 Na5 10. Qd2 Nxb3 11. Nxb3 Re8 12. Bh6 Bh8 13. O-O a5 14. Be3 a4 15.
Nd4 a3 16. b4 d5 17. Ndb5 Bd7 18. e5 Bxb5 19. Nxb5 Nh5 20. Qd4 Ng7 21. f4 Nf5
22. Qd3 f6 23. e6 Ra6 24. Rad1 Rxe6 25. Bf2 Rc6 26. c4 Rxc4 27. Bc5 b6 28. Nxa3
Re4 29. Qxe4 dxe4 30. Rxd8 Rxd8 31. Bxb6 Rd2 32. Ra1 Nd6 33. Be3 Rb2 34. Bc5 f5
35. Rd1 Rxa2 36. Bxd6 exd6 37. Nc4 Ra4 38. Rxd6 Bc3 39. Rd8+ Kg7 40. Rd7+ Kh6
41. h3 Bxb4 42. Ne5 Bc5+ 43. Kh2 Be3 44. Nf7+ Kh5 45. g3 Ra2+ 46. Kh1 Ra6 47.
Nd6 h6 48. Ne8 g5 49. fxg5 Kxg5 50. Rg7+ Kh5 51. Rf7 Ra1+ 52. Kg2 Ra2+ 53. Kf1
Rf2+ 54. Ke1 Rf3 55. Rxf5+ Rxf5 56. g4+ Kg6 57. gxf5+ Kxf5 58. Ng7+ Kf6 59.
Ne8+ Ke6 60. Ng7+ Ke5 61. Ne8 h5 62. Ng7 h4 63. Ne8 Kf4 64. Ke2 Bc5 65. Ng7 Kg3
66. Ne6 Bd6 67. Ng5 Bc7 68. Nxe4+ Kxh3 69. Kf3 Kh2 70. Ng5 Bd8 71. Ne6 Bf6 72.
Kg4 Be7 73. Nf4 Bd8 74. Ng6 h3 75. Nf4 Kh1 76. Nxh3 {
Game drawn because neither player has mating material} 1/2-1/2

[Event "ICS rated blitz match"]
[Site "204.178.125.65"]
[Date "1999.11.15"]
[Round "?"]
[White "Hossa"]
[Black "BugChess"]
[Result "1-0"]
[WhiteElo "2302"]
[BlackElo "2487"]
[PlyCount "101"]
[EventDate "1999.??.??"]

1. e4 e6 2. d4 d5 3. Nc3 Nf6 4. Bg5 Be7 5. e5 Nfd7 6. Bxe7 Qxe7 7. f4 O-O 8.
Nf3 c5 9. Qd2 Nc6 10. dxc5 f6 11. exf6 Nxf6 12. O-O-O Qxc5 13. Bd3 a6 14. Rhe1
b5 15. Ne5 Nxe5 16. Rxe5 Ng4 17. Rh5 g6 18. Rh4 Ne3 19. Re1 Qe7 20. g3 Nc4 21.
Bxc4 dxc4 22. Qe3 Qa7 23. Qe5 Rf5 24. Qd6 Bd7 25. Ne4 Bc8 26. Qd8+ Kg7 27. Nd6
Rf8 28. Rxh7+ Kxh7 29. Qxf8 Qg7 30. Qd8 Qd7 31. Qh4+ Kg7 32. Ne4 Qf7 33. Rd1
Qa7 34. Qf6+ Kh6 35. g4 Bd7 36. Qg5+ Kg7 37. Qe5+ Kf7 38. Qf6+ Kg8 39. Qxg6+
Kf8 40. Qh6+ Ke8 41. Nf6+ Kd8 42. Qf8+ Kc7 43. Rxd7+ Kb6 44. Qd6+ Ka5 45. Qa3+
Kb6 46. Qe3+ Ka5 47. Rxa7 Rxa7 48. Qxa7 b4 49. Qc5+ Ka4 50. Nd7 a5 51. Qc6# {
BugChess checkmated} 1-0

[Event "ICS rated standard match"]
[Site "204.178.125.65"]
[Date "1999.11.15"]
[Round "?"]
[White "Almostmaster"]
[Black "Hossa"]
[Result "0-1"]
[WhiteElo "2088"]
[BlackElo "2288"]
[PlyCount "86"]
[EventDate "1999.??.??"]

1. e4 c5 2. Nf3 d6 3. d4 cxd4 4. Nxd4 Nf6 5. Nc3 g6 6. Be3 Bg7 7. f3 O-O 8. Qd2
d5 9. e5 Nfd7 10. e6 Ne5 11. exf7+ Nxf7 12. Nb3 e6 13. Rd1 b6 14. Be2 Ba6 15.
O-O Bxc3 16. bxc3 Bxe2 17. Qxe2 Qc8 18. Bd4 Re8 19. f4 Qa6 20. Qg4 Qxa2 21. f5
exf5 22. Qh4 Nd7 23. Rxf5 Qxc2 24. Rdf1 Rf8 25. Na1 Qe4 26. R5f4 Qe6 27. Re1
Qd6 28. Rg4 Rae8 29. Nc2 Rxe1+ 30. Nxe1 Qe6 31. Nf3 Qe2 32. h3 Nfe5 33. Nxe5
Nxe5 34. Rf4 Rxf4 35. Qxf4 Nc6 36. Bf6 Qe6 37. h4 a5 38. h5 gxh5 39. Qg5+ Kf7
40. Qg7+ Ke8 41. Qh8+ Kd7 42. Qxh7+ Kd6 43. Qg6 43... Qe3+ {
Almostmaster resigns} 0-1

[Event "ICS Rated blitz match"]
[Site "204.178.125.65"]
[Date "1999.11.15"]
[Round "?"]
[White "Hossa"]
[Black "MissSilicon"]
[Result "0-1"]
[WhiteElo "2348"]
[BlackElo "2706"]
[Annotator "Steffen A. Jakob"]
[PlyCount "70"]
[EventDate "1999.??.??"]

1. e4 e5 2. Nf3 Nf6 3. Nxe5 d6 4. Nxf7 Kxf7 5. d4 Be6 6. Bd3 c5 7. dxc5 Qa5+ 8.
Bd2 Qxc5 9. Nc3 Nc6 10. O-O Rc8 11. Be3 Qb4 12. Nd5 Qxb2 13. Rb1 Qxa2 14. Nxf6
(14. Rxb7+ Kg6 15. Nf4+ Kh6 16. Nxe6+ g5 17. Bxg5+ Kg6 18. e5+ Ne4 19. Bxe4#
$18) 14... gxf6 15. Rxb7+ Ke8 16. Qh5+ Kd8 17. Bh6 Rc7 18. Qh4 Be7 19. Rxc7
Kxc7 20. Bg7 Rg8 21. Qxh7 Bf7 22. c3 Ne5 23. Bb1 Qd2 24. g3 Nf3+ 25. Kg2 Bc4
26. Bf8 Bxf1+ 27. Kh1 Rxf8 28. Qxe7+ Kb6 29. Bd3 Qxd3 30. Qxf8 Bh3 31. Qb8+ Ka6
32. Qc8+ Bxc8 33. Kg2 Nh4+ 34. gxh4 Bh3+ 35. Kg1 35... Qf1# {Hossa checkmated}
0-1

[Event "ICS Rated blitz match"]
[Site "204.178.125.65"]
[Date "1999.11.15"]
[Round "?"]
[White "Hossa"]
[Black "Skeletor"]
[Result "0-1"]
[WhiteElo "2344"]
[BlackElo "2694"]
[PlyCount "150"]
[EventDate "1999.??.??"]

1. e4 c5 2. Nf3 d6 3. d4 cxd4 4. Nxd4 Nf6 5. Nc3 a6 6. f4 e5 7. Nf3 Nbd7 8. Bd3
Be7 9. O-O O-O 10. fxe5 Nxe5 11. Be3 Nxd3 12. Qxd3 Bd7 13. Nd5 Nxd5 14. exd5
Rc8 15. Nd4 Re8 16. c4 Bf6 17. Rac1 Qb6 18. Rxf6 gxf6 19. Qd2 Qd8 20. Qf2 Re4
21. Bh6 Qe8 22. Bf4 Qf8 23. Rc3 f5 24. Rg3+ Kh8 25. b3 b5 26. cxb5 axb5 27. Qb2
f6 28. Qd2 Qf7 29. Ne2 Rce8 30. Re3 Rxe3 31. Bxe3 Qe7 32. Kf2 Kg8 33. Bf4 Rc8
34. Kf1 Qe4 35. Bxd6 Rc2 36. Qd1 Rxa2 37. Nf4 Qe3 38. Qe1 Qxb3 39. Qe7 Qd1+ 40.
Qe1 Qd4 41. Qg3+ Kh8 42. Bf8 Ra1+ 43. Ke2 Qe4+ 44. Kf2 Ra2+ 45. Kf1 Qc4+ 46.
Nd3 Ra1+ 47. Ke2 Qe4+ 48. Kf2 Ra2+ 49. Kg1 Qg4 50. Qxg4 fxg4 51. Bb4 Bf5 52.
Nf4 Kg7 53. d6 Ra1+ 54. Kf2 Ra4 55. Nd5 Kf7 56. Bc5 Rc4 57. Ba7 Rc2+ 58. Kg3
Bd7 59. Ne3 Rc6 60. Bb8 b4 61. h3 b3 62. Nd1 Rc1 63. Nb2 gxh3 64. gxh3 Rc2 65.
Nd1 Rd2 66. Nb2 Rxb2 67. Ba7 Rd2 68. Be3 Rd3 69. Kf4 b2 70. Kf3 b1=Q 71. Ke2
Qc2+ 72. Kf3 Bc6+ 73. Kg3 Rxe3+ 74. Kg4 Qe4+ 75. Kh5 75... Rxh3# {
Hossa checkmated} 0-1

[Event "ICS rated blitz match"]
[Site "204.178.125.65"]
[Date "1999.11.15"]
[Round "?"]
[White "Skeletor"]
[Black "Hossa"]
[Result "1-0"]
[WhiteElo "2698"]
[BlackElo "2352"]
[PlyCount "70"]
[EventDate "1999.??.??"]

1. d4 Nf6 2. c4 e6 3. Nf3 d5 4. Nc3 Be7 5. Bg5 O-O 6. e3 h6 7. Bh4 b6 8. Rc1
Ba6 9. Ne5 c5 10. Be2 cxd4 11. exd4 g5 12. Bg3 dxc4 13. O-O b5 14. Bf3 Nd5 15.
Ng4 Kg7 16. Ne3 Nxc3 17. bxc3 Nd7 18. Bxa8 Qxa8 19. a4 Qe4 20. axb5 Bxb5 21.
Re1 Qd3 22. Qf3 Kh8 23. Red1 Qh7 24. Qb7 a6 25. Nxc4 Bxc4 26. Qxd7 Ba3 27. Rb1
Bb5 28. Qc7 f6 29. Qa5 Be7 30. Qa2 Rc8 31. Qxe6 Rxc3 32. Re1 Bf8 33. Qxf6+ Bg7
34. Qd6 Rc8 35. Be5 35... Bxe5 {Hossa resigns} 1-0